000
00305nam a22001337a 4500
020
_a
978-81-291-0925-5
082
_a
823
_b
BON/T
100
_a
BOND, RUSKIN
245
_a
TOO MUCH TROUBLE
260
_a
DELHI
_b
RUPA PUBLICATIONS
_c
2017
300
_a
67
650
_a
CHILDRENS STORY BOOK
_z
INDIA
942
_c
BK
999
_c
2799
_d
2799